000 00367nam a22001097a 4500
082 _a340
100 _aडांगी ,डॉ रतन लाल
_983365
245 _aविविध अपराध अधिनियम
260 _aरायपुर
_bराज लॉ पब्लिकेशन
_c2025
650 _aविधि
_965890
942 _cC. BOOKS
999 _c68252
_d68252